| 000 | 00000nam##2200000za#4500 |
| 001 | 9.647296 |
| 003 | CaOODSP |
| 005 | 20200330133324 |
| 007 | ta |
| 008 | 150407|2000||||xxc||||| f|0| 0 eng|d |
| 020 | |a0-662-27693-0 |
| 040 | |aCaOODSP|beng |
| 043 | |an-cn--- |
| 086 | 1 |aH22-21/13-1999E |
| 110 | 1 |aCanada.|bHuman Resources Development Canada. |bIncome Security Programs. |
| 245 | 10|aSummary: Social Security Agreement between Canada and Italy : |bMarch, 1999 |
| 260 | |aOttawa - Ontario : |bHuman Resources Development Canada. |c2000. |
| 300 | |avi, 20p. ; |c22 cm. |
| 563 | |aSoftcover |
| 590 | |a00-24|b2000-06-16 |
| 690 | 07|aPensions|2gcpds |
| 690 | 07|aIncome security|2gcpds |
| 775 | 08|tRésumé: Accord de sécurité sociale entre le Canada et l'Italie : |w(CaOODSP)9.680722 |
| 776 | 0#|tAgreement of social security between Canada and Italy |w(CaOODSP)9.696889 |
| 986 | |aISPB-268-03-99E |